书目信息 |
| 题名: |
声·声学
|
|
| 作者: | ||
| 分册: | ||
| 出版信息: | 北京 高等教育出版社 1957 |
|
| 页数: | 29页 | |
| 开本: | 20cm | |
| 丛书名: | 苏联大百科全局选译 | |
| 单 册: | ||
| 中图分类: | O42 | |
| 科图分类: | ||
| 主题词: | 声学 | |
| 电子资源: | ||
| ISBN: | ||
| 000 | 00529nam0 2200217 450 | |
| 001 | 0654871297 | |
| 005 | 20060808090649.21 | |
| 010 | @dCNY0.14 | |
| 100 | @a20060731d1957 km y0chiy0120 ea | |
| 101 | 0 | @achi |
| 102 | @aCN@b110000 | |
| 102 | @aCN@b110000 | |
| 200 | 1 | @a声·声学@Asheng·sheng xue |
| 210 | @a北京@c高等教育出版社@d1957 | |
| 215 | @a29页@d20cm | |
| 225 | @a苏联大百科全局选译 | |
| 410 | 0 | @12001 @a苏联大百科全局选译 |
| 606 | 0 | @a声学 |
| 690 | @aO42@v3 | |
| 801 | 0 | @aCN@bPFT@c20060808 |
| 905 | @a10447@dO42@e21 | |
| 声·声学.-北京:高等教育出版社,1957 |
| 29页;20cm.-(苏联大百科全局选译) |
| ISBN :CNY0.14 |
| ● |
| 相关链接 |
|
|
|
|
正题名:声·声学
索取号:O42/21
 
预约/预借
| 序号 | 登录号 | 条形码 | 馆藏地/架位号 | 状态 | 备注 |
| 1 | 0434191 | 204341916 | 密集书库/ [索取号:O42/21] | 在馆 | |
| 2 | 0434192 | 204341925 | 密集书库/ [索取号:O42/21] | 在馆 | |
| 3 | 0451697 | 204516979 | 密集书库/ [索取号:O42/21] | 在馆 |